[Event "FRA-ch U18"]
[Site "Calvi"]
[Date "2005.04.17"]
[Round "1"]
[White "Ballester, Jonathan"]
[Black "Fischer, Marc"]
[Result "0-1"]
[WhiteElo "1941"]
[BlackElo "2129"]
[PlyCount "60"]
[EventDate "2005.04.??"]
[EventType "swiss"]
[EventRounds "9"]
[EventCountry "FRA"]
[SourceTitle "EXT 2006"]
[Source "ChessBase"]
[SourceDate "2005.11.24"]
[SourceVersion "1"]
[SourceVersionDate "2005.11.24"]
[SourceQuality "1"]

1. e4 e6 2. d4 d5 3. Nd2 Nf6 4. e5 Nfd7 5. Bd3 c5 6. c3 Nc6 7. Ne2 Qb6 8. Nf3 cxd4 9. cxd4 f6 10. exf6 Nxf6 11. a3 Bd6 12. 0-0 0-0 13. b4 Bd7 14. Re1 e5 15. dxe5 Nxe5 16. Nxe5 Bxe5 17. Be3 Qd8 18. Nd4 Ng4 19. h3 Nxe3 20. Rxe3 Bxd4 21. Bxh7+ Kxh7 22. Qxd4 Qf6 23. Qd3+ Bf5 24. Qd1 Bg6 25. Rf3 Qb2 26. Rc1 Rxf3 27. gxf3 d4 28. Rc7 d3 29. f4 Rf8 30. Qg4 d2 0-1